Tennis Record Holders - Statistics

General Stats
  • This quiz has been taken 332 times
  • The average score is 7 of 16
Answer Stats
Hint Number Answer % Correct
Most consecutive weeks at number 1 237 Roger Federer
87%
Most aces served 14222 John Isner
66%
Most Olympic single gold medals 2 Andy Murray
53%
Most masters 1000 38 Novak Djokovic
51%
Youngest player to be number 1 19 years 4 months 7 days Carlos Alcaraz
50%
Most consecutive year end number 1s 6 Pete Sampras
50%
Youngest player to win a grand slam 17 years 3 months 8 days Michael Chang
46%
Most channel slams (Roland Garros & Wimbledon) 3 Bjorn Borg
44%
Won the Career Super Slam 1 Andre Agassi
43%
Won The Calendar Grand Slam 1 Rod Laver
43%
Most titles 109 Jimmy Connors
40%
Highest best of 5 win percentage 88.46 Rafael Nadal
34%
Most tour finals 8 John McEnroe
17%
Highest best of 3 win percentage 82.31 Ivan Lendl
15%
Most matches won on clay 672 Guillermo Vilas
14%
Oldest player to win a grand slam 37 years 1 month 24 days Ken Rosewall
14%
No matching quizzes found
Score Distribution
Percent of People with Each Score
Percentile by Number Answered
Your Score History
You have not taken this quiz